| 000 | 00967nam a22002657a 4500 | ||
|---|---|---|---|
| 005 | 20160614105035.0 | ||
| 010 | _a1516EN07 ENG-114620 | ||
| 020 |
_a9789380853826 _c695.00 |
||
| 035 | _aEN-98152 | ||
| 035 | _aB-605650-677 | ||
| 037 |
_adpl _bViva/Ven |
||
| 037 | _bDBAD/PUB | ||
| 082 | _a512.5 | ||
| 100 | _aCheney, Ward | ||
| 245 |
_aLinear algebra : _cby Ward Cheney [and] David Kincaid _btheory and applications / |
||
| 250 | _a2nd ed | ||
| 260 |
_aNew Delhi _bJones and Bartlett _c2014 |
||
| 270 |
_aB-1,4262/3, Ansari Road, Daryaganj _bNew Delhi _e110002 |
||
| 300 |
_axxiii,624p. _c24cm(pbk) |
||
| 500 | _a Includes bibliographical references (p. 607-610) and index. | ||
| 650 | _a Algebras, Linear. | ||
| 700 | _aKincaid, David | ||
| 942 |
_2ddc _cEN _mCHE _h512.5 |
||
| 999 |
_c96191 _d96191 |
||